Business ethics : (Record no. 81493)

MARC details
000 -LEADER
fixed length control field 00777nam a22002297a 4500
005 - DATE AND TIME OF LATEST TRANSACTION
control field 20140101154111.0
010 ## - LCCN (DPL NO)
LC control number ENG-108946
020 ## - INTERNATIONAL STANDARD BOOK NUMBER
International Standard Book Number 9781259098277
Terms of availability 450.00
020 ## - INTERNATIONAL STANDARD BOOK NUMBER
International Standard Book Number 1259098273
Terms of availability 450.00
035 ## - SYSTEM CONTROL NUMBER
System control number EN-92479
037 ## - SOURCE OF ACQUISITION
Source of stock number/acquisition DBAD/PUB
082 ## - DEWEY DECIMAL CLASSIFICATION NUMBER
Edition number 22
Classification number 174.4
100 ## - MAIN ENTRY--PERSONAL NAME
Personal name Hartman, Laura P.
245 ## - TITLE STATEMENT
Title Business ethics :
Statement of responsibility, etc by Laura P. Hartman [and] Joe DesJardins
Remainder of title decision-making for personal integrity and social responsibility /
260 ## - PUBLICATION, DISTRIBUTION, ETC. (IMPRINT)
Place of publication, distribution, etc New Delhi
Name of publisher, distributor, etc McGraw Hill Education
Date of publication, distribution, etc 2013
270 ## - ADDRESS
Address P-24,Green Park Extension
City New Delhi
Postal code 110016
300 ## - PHYSICAL DESCRIPTION
Extent xvi,608p.
Dimensions 24cm(pbk)
500 ## - GENERAL NOTE
General note Includes bibliographical references and index
650 ## - SUBJECT ADDED ENTRY--TOPICAL TERM
Topical term or geographic name as entry element Business ethics
700 ## - ADDED ENTRY--PERSONAL NAME
Personal name DesJardins, Joe
942 ## - ADDED ENTRY ELEMENTS (KOHA)
Source of classification or shelving scheme Dewey Decimal Classification
Item type English Books
Call number suffix HAR
Classification part 174.4
Holdings
Withdrawn status Lost status Not for loan Collection code Home library Current library Date acquired Source of acquisition Cost, normal purchase price Full call number Barcode Copy number Cost, replacement price Koha item type
    Not For Loan Non-fiction D.B.Act.Division D.B.Act.Division 24/12/2013 DBAD / PUB 450.00 174.4 HAR EN-92479 1 450.00 English Books

© Delhi Public Library
Hit Counter
free hit counter